Tools students need to be skillful writers : building better sentences /

Bibliographic Details
Main Author: Hostmeyer, Phyllis (Author)
Format: Book
Language:English
Published: Thousand Oaks, California : Corwin Press, [2013]
Subjects:

MARC

Tag First Indicator Second Indicator Subfields
LEADER 00000cam a2200000 i 4500
001 in00002786784
005 20151202171642.0
008 120518t20132013caua b 001 0 eng
010 |a  2012017421 
020 |a 9781412989046 (pbk.) 
020 |a 1412989043 (pbk.) 
035 |a (OCoLC)ocn785080340 
040 |a DLC  |e rda  |c DLC  |d UtOrBLW 
049 |a TXAM 
050 0 0 |a LB1576  |b .H673 2013 
082 0 0 |a 372.6  |2 23 
100 1 |a Hostmeyer, Phyllis,  |e author. 
245 1 0 |a Tools students need to be skillful writers :  |b building better sentences /  |c Phyllis Hostmeyer. 
264 1 |a Thousand Oaks, California :  |b Corwin Press,  |c [2013] 
264 4 |c ©2013 
300 |a xv, 230 pages :  |b illustrations ;  |c 28 cm. 
336 |a text  |b txt  |2 rdacontent 
337 |a unmediated  |b n  |2 rdamedia 
338 |a volume  |b nc  |2 rdacarrier 
504 |a Includes bibliographical references and index. 
650 0 |a English language  |x Sentences  |x Study and teaching (Elementary) 
650 0 |a English language  |x Composition and exercises  |x Study and teaching (Elementary) 
945 |a PromptCat  |b 115965 
946 |a stk 
947 |a A14836011434 
948 |a cataloged  |b h  |c 2012/12/12  |d c  |e dmitchel  |f 10:20:30 am 
994 |a 92  |b TXA 
999 |a MARS 
999 f f |s 189fe24e-c013-3dab-99a0-e0e1d116ec47  |i d249b9f0-394b-3851-a941-820a5f5e674d  |t 0 
952 f f |p newbook  |a Texas A&M University  |b College Station  |c Sterling C. Evans Library  |d Evans: New Book Shelves (1st floor)  |t 0  |e LB1576 .H673 2013  |h Library of Congress classification  |i unmediated -- volume  |m A14836011434 
998 f f |a LB1576 .H673 2013  |t 0  |l Evans: Library Stacks